Mechatronic Systems Design and Solid Materials: (Record no. 591393)

000 -LEADER
fixed length control field 00483nam a22001457a 4500
020 ## - INTERNATIONAL STANDARD BOOK NUMBER
International Standard Book Number 9781771889155
040 ## - CATALOGING SOURCE
Transcribing agency NUST
082 ## - DEWEY DECIMAL CLASSIFICATION NUMBER
Classification number 621-MEC MEC
100 ## - MAIN ENTRY--PERSONAL NAME
Personal name Bir Singh, Satya:
9 (RLIN) 98864
110 ## - MAIN ENTRY--CORPORATE NAME
Corporate name or jurisdiction name as entry element Ranjan, Prabhat , Vakhrushev, V.Alexander. Haghi, A. K.
9 (RLIN) 99938
245 ## - TITLE STATEMENT
Title Mechatronic Systems Design and Solid Materials:
Remainder of title Methods and Practices
260 ## - PUBLICATION, DISTRIBUTION, ETC.
Place of publication, distribution, etc. Canada:
Name of publisher, distributor, etc. CRC Press,
Date of publication, distribution, etc. 2021.
650 ## - SUBJECT ADDED ENTRY--TOPICAL TERM
Topical term or geographic name entry element Mechatronic Systems Design .NUSTTB2022
9 (RLIN) 102879
942 ## - ADDED ENTRY ELEMENTS (KOHA)
Source of classification or shelving scheme
Koha item type Book
Holdings
Withdrawn status Lost status Source of classification or shelving scheme Damaged status Not for loan Permanent Location Current Location Shelving location Date acquired Full call number Barcode Date last seen Price effective from Koha item type Total Checkouts
          College of Electrical & Mechanical Engineering (CEME) College of Electrical & Mechanical Engineering (CEME) General Stacks 09/09/2022 621-MEC MEC CEME-50860 09/09/2022 09/09/2022 Book  
          College of Electrical & Mechanical Engineering (CEME) College of Electrical & Mechanical Engineering (CEME) General Stacks 10/11/2022 280 SCB CEME-50860-A 10/11/2022 10/11/2022 Book  
© 2023 Central Library, National University of Sciences and Technology. All Rights Reserved.